50 größte Städte am Mittelmeer - Statistiken

Allgemein
  • Dieses Quiz wurde 81 mal gespielt
  • Das Durchschnittsergebnis liegt bei 21 aus 50
Antwortstatistiken
Land Einwohner Antwort % Korrekt
GRC 3.146.000 Athen
96%
ESP 1.636.000 Barcelona
94%
EGY 5.204.000 Alexandria
89%
ITA 908.000 Neapel
86%
FRA 870.000 Marseille
84%
ESP 804.000 Valencia
81%
TUR 1.615.000 Antalya
80%
LBN 1.726.000 Beirut
79%
ITA 626.000 Palermo
79%
TUN 639.000 Tunis
79%
ISR 468.000 Tel Aviv-Jaffa
74%
ITA 564.000 Genua
73%
LBN 212.000 Tripoli
70%
DZA 1.518.000 Algier
69%
TUR 3.311.000 Izmir
67%
FRA 343.000 Nizza
64%
ITA 249.000 Venedig
64%
GRC 802.000 Thessaloniki
61%
ITA 315.000 Bari
59%
ISR 283.000 Haifa
59%
ESP 587.000 Málaga
59%
ESP 431.000 Palma
51%
ITA 298.000 Catania
46%
ESP 351.000 Alicante
43%
MAR 1.275.000 Tanger
36%
ITA 199.000 Triest
36%
LBY 1.025.000 Tripolis
34%
TUR 364.000 Alanya
30%
PSE 549.000 Gaza
27%
ITA 217.000 Messina
27%
DZA 771.000 Oran
23%
ESP 201.000 Almería
21%
LBY 630.000 Bengasi
19%
GRC 197.000 Patras
17%
EGY 781.000 Port Said
16%
TUN 273.000 Sfax
16%
ITA 186.000 Tarent
16%
TUR 1.050.000 Mersin
13%
TUR 182.000 Bodrum
10%
TUN 222.000 Sousse
10%
ESP 232.000 Badalona
9%
SYR 347.000 Latakia
9%
ISR 226.000 Aschdod
6%
ESP 218.000 Cartagena
4%
MAR 423.000 Tétouan
4%
ISR 224.000 Netanja
3%
DZA 384.000 Annaba
1%
ISR 193.000 Cholon
1%
LBY 259.000 Misrata
1%
ISR 257.000 Rischon LeZion
1%
Keine übereinstimmenden Quizze gefunden
Verteilung der Resultate
Anzahl Personen mit jedem Resultat
Perzentil nach korrekt beantworteten Fragen
Ihre Resultats-Entwicklung
Sie haben dieses Quiz noch nicht gespielt